000 00341nam a2200133 i 4500
001 bg
100 1 _aŁĘGOWSKI, S.
245 0 _aElektroniczna aparatura pomiarowa :
_bćwiczenia laboratoryjne /
_cS. Łęgowski.
260 _aGdańsk,
_c1982.
040 _cBPK
041 _apol
942 _cKS
008 s pl f |000 0 pol
999 _c21261
_d21261
856 _uhttp://koha.tu.koszalin.pl/cgi-bin/koha/opac-detail.pl?biblionumber=21261
_yKatalog online BPK